000 00305nam a22001337a 4500
008 171023b xxu||||| |||| 00| 0 eng d
020 _a9780071318471
041 _aeng
080 _27 ED
_a338
100 _a54
101 _aMEN
245 _aSMALL BUSSINESS MANAGEMENT
_cBYRD.M.J
942 _2udc
_cBK
999 _c35412
_d35412